<?xml version="1.0" encoding="UTF-8"?>
<collection xmlns="http://www.loc.gov/MARC21/slim">
 <record>
  <leader>00623pamaa2200181   4500</leader>
  <controlfield tag="001">0000020797</controlfield>
  <controlfield tag="005">20060523090000.0</controlfield>
  <datafield tag="020" ind1="0" ind2="0">
   <subfield code="a">0192852353 </subfield>
  </datafield>
  <datafield tag="082" ind1=" " ind2=" ">
   <subfield code="a">956.92044 FIS 1991</subfield>
  </datafield>
  <datafield tag="090" ind1="0" ind2="0">
   <subfield code="a">DS87.5 </subfield>
   <subfield code="b">FIS 1991</subfield>
  </datafield>
  <datafield tag="100" ind1="1" ind2="0">
   <subfield code="a">FISK </subfield>
  </datafield>
  <datafield tag="245" ind1="1" ind2="0">
   <subfield code="a">Pity the nation : </subfield>
   <subfield code="b">Lebanon at war  </subfield>
   <subfield code="c">Robert Fisk.</subfield>
  </datafield>
  <datafield tag="260" ind1="0" ind2="0">
   <subfield code="a">Oxford: </subfield>
   <subfield code="b">O.U.P., </subfield>
   <subfield code="c">1991.</subfield>
  </datafield>
  <datafield tag="300" ind1=" " ind2=" ">
   <subfield code="a">xix, 662p.: </subfield>
   <subfield code="b">ill. maps.; </subfield>
   <subfield code="c">20cm.</subfield>
  </datafield>
  <datafield tag="504" ind1="0" ind2="0">
   <subfield code="a">Includes bibliographical references (p. [628]-630) and index</subfield>
  </datafield>
  <datafield tag="650" ind1="0" ind2="0">
   <subfield code="a">Lebanon -- </subfield>
   <subfield code="x">History -- </subfield>
   <subfield code="x">Israeli intervention -- </subfield>
   <subfield code="y">1982-1984 </subfield>
  </datafield>
  <datafield tag="651" ind1="0" ind2="0">
   <subfield code="a">Beirut (Lebanon) -- </subfield>
   <subfield code="x">History </subfield>
  </datafield>
  <datafield tag="651" ind1="0" ind2="0">
   <subfield code="a">Lebanon -- </subfield>
   <subfield code="x">History -- </subfield>
   <subfield code="x">Civil War -- </subfield>
   <subfield code="y">1975- </subfield>
  </datafield>
 </record>
</collection>
